01368nam a22002297a 450000500170000000800410001704000070005804100080006508200210007310000200009424500280011426000490014230000290019136500150022050000140023552008140024965000140106365000100107765000120108765000210109965000180112020260227101802.0210928b ||||| |||| 00| 0 eng d cAL aeng 223a333.77bPERE aConstance Perin aEverything in its Place aNew JerseybPrinceton University Pressc1977 axv,291 p.bHBc24x16 cm. f2013/03/24 aEconomics aInterviews with bankers, civic leaders, politicians, and architects provide the basis for this searching analysis of the ways in which the physical arrangement of land expresses American ideals, assumptions, and beliefs. Originally published in 1977. The Princeton Legacy Library uses the latest print-on-demand technology to again make available previously out-of-print books from the distinguished backlist of Princeton University Press. These editions preserve the original texts of these important books while presenting them in durable paperback and hardcover editions. The goal of the Princeton Legacy Library is to vastly increase access to the rich scholarly heritage found in the thousands of books published by Princeton University Press since its founding in 1905uhttps://muse.jhu.edu/book/33568 aEconomics aLand  aHousing aSocial Structure aSocial Values